000 00363nam a2200145 a 4500
001 4567
005 20180713184433.0
008 140415s1992 000 0 spa d
041 _aspa
082 _a176.8
_bLEC
245 0 0 _aLECTURA SUPER RAPIDA
260 _a[s.l.] :
_bCGE,
_c1992
300 _a191
650 1 4 _aCOMPRENSION DE LECTURA
_xLECTURA
999 _c4567
_d4567